01273nam a2200289 a 450000500170000000800410001702000150005804000350007304100080010804400070011608200230012310000290014624501430017526001310031830000710044950000220052050400400054265000670058265000680064965000540071765000490077170000350082070000400085570000230089570000360091870000290095420160211114805.0110825s2006 ck a gr 00010 spa d a9589795072 aCO-BoBLA cCO-BoBLAdCO-BoIAVH0 aspa ack04aLB-582.16086bL86m1 aLópez Camacho, René.00aManual de identificación de especies no maderables del corregimiento de Tarapacá, Colombia / cRené López Camacho ... [y otros 5]. aBogotá : bInstituto Amazónico de Investigación Científicas. SINCHI : bCooperación Técnica Alemana - GTZ, c2006. ax, 120 láminas a color : bilustraciones a color ; c25 x 22 cm. aIncluye glosario. aIncluye bibliografía e índices. 6aÁrbolesx Identificaciónz Tarapacá (Amazonas, Colombia) 6aÁrbolesx Fichas técnicasz Tarapacá (Amazonas, Colombia) 4aBosques húmedosz Amazonas (Región, Colombia) 6aBotánicaz Tarapacá (Amazonas, Colombia)1 aNavarro López, Jaime Alberto1 aMontero González, Martín Iván1 aAmaya Vecht, Karen1 aRodríguez Castañeda, Misael1 aPolania Barboza, Abraham